[Event "Stuttgart-ch op-A"]
[Site "Ditzingen"]
[Date "2012.05.19"]
[Round "5"]
[White "Marquardt, Patrick"]
[Black "Petermann, Michail"]
[Result "0-1"]
[WhiteElo "2039"]
[BlackElo "2236"]
[PlyCount "70"]
[EventDate "2012.05.17"]
[EventType "swiss"]
[EventRounds "7"]
[EventCountry "GER"]
[SourceTitle "EXT 2015"]
[Source "ChessBase"]
[SourceDate "2014.11.20"]
[SourceVersion "1"]
[SourceVersionDate "2014.11.20"]
[SourceQuality "1"]

1. e4 d6 2. d4 Nf6 3. Nc3 g6 4. h3 Bg7 5. Nf3 c6 6. a4 Nbd7 7. a5 0-0 8. Be2 e5 9. dxe5 dxe5 10. Be3 Qe7 11. 0-0 Nc5 12. Nd2 Rd8 13. Qb1 Ne6 14. b4 Nf4 15. Bc5 Qe6 16. Bc4 Nxh3+ 17. Kh1 Qg4 18. Be2 Qd7 19. Rd1 Nf4 20. Nc4 Qe8 21. f3 N6h5 22. Rxd8 Qxd8 23. Qe1 Qg5 24. g4 Qh6 25. Kg1 Be6 26. Nd6 Nh3+ 27. Kf1 N5f4 28. Qg3 Bf6 29. Nf5 gxf5 30. gxf5+ Kh8 31. fxe6 Rg8 32. Qh2 fxe6 33. Be3 Qh4 34. Nd1 Rg2 35. Qh1 Rxe2 0-1

[Event "Stuttgart-chA int"]
[Site "Ditzingen"]
[Date "2012.05.18"]
[Round "4"]
[White "Huettig, Michael"]
[Black "Marquardt, Patrick"]
[Result "0-1"]
[WhiteElo "2164"]
[BlackElo "2039"]
[PlyCount "70"]
[EventDate "2012.05.17"]
[EventType "swiss"]
[EventRounds "7"]
[EventCountry "GER"]
[SourceTitle "EXT 2018"]
[Source "ChessBase"]
[SourceDate "2017.10.13"]
[SourceVersion "1"]
[SourceVersionDate "2017.10.13"]
[SourceQuality "1"]

1. e4 c5 2. Nf3 Nc6 3. Nc3 g6 4. d4 cxd4 5. Nxd4 Bg7 6. Be3 Nf6 7. Nb3 0-0 8. Be2 d6 9. 0-0 Be6 10. f4 Na5 11. f5 Bc4 12. Bd3 Bxd3 13. cxd3 d5 14. Nxa5 Qxa5 15. e5 Nd7 16. d4 gxf5 17. Rxf5 e6 18. Rh5 f5 19. Qf3 Rf7 20. Qh3 Nf8 21. Rf1 Rc8 22. Ne2 Qxa2 23. Nf4 Qxb2 24. Rg5 a5 25. Nh5 Ng6 26. Nxg7 Rxg7 27. Qh6 a4 28. h4 Rcc7 29. h5 Nf8 30. Rf2 a3 31. Rf3 Rxg5 32. Bxg5 Rg7 33. Kh2 a2 34. Rg3 a1Q 35. Bf6 Qg1+ 0-1

[Event "Stuttgart-chA int"]
[Site "Gerlingen"]
[Date "2011.06.04"]
[Round "6"]
[White "Marquardt, Patrick"]
[Black "Maisch, Julian"]
[Result "1-0"]
[WhiteElo "2031"]
[BlackElo "1913"]
[PlyCount "129"]
[EventDate "2011.06.02"]
[EventType "swiss"]
[EventRounds "7"]
[EventCountry "GER"]
[SourceTitle "EXT 2018"]
[Source "ChessBase"]
[SourceDate "2017.10.13"]
[SourceVersion "1"]
[SourceVersionDate "2017.10.13"]
[SourceQuality "1"]

1. e4 e6 2. d4 d5 3. exd5 exd5 4. Nf3 Nf6 5. h3 Be7 6. c4 c6 7. Nc3 0-0 8. Bd3 dxc4 9. Bxc4 Nbd7 10. 0-0 Nb6 11. Bb3 h6 12. Re1 Bf5 13. Ne5 Nfd5 14. Qf3 Bh7 15. Bd2 Bf6 16. Rad1 a5 17. Ne4 a4 18. Bc2 Bxe5 19. dxe5 Nc4 20. Bc3 Qc7 21. Rxd5 cxd5 22. Nf6+ gxf6 23. Bxh7+ Kxh7 24. Qf5+ Kh8 25. Qxf6+ Kh7 26. Qf5+ Kg7 27. e6+ f6 28. e7 Rf7 29. Re6 Ne5 30. Bxe5 Qc1+ 31. Kh2 Qg5 32. Qxg5+ hxg5 33. e8Q Rxe8 34. Rxe8 fxe5 35. Rxe5 Rxf2 36. Rxg5+ Kf6 37. Rxd5 Rxb2 38. Ra5 Rxa2 39. Rb5 a3 40. Rxb7 Rb2 41. Ra7 Rb3 42. Ra4 Kg5 43. h4+ Kh5 44. g3 Rb2+ 45. Kh3 a2 46. Ra5+ Kh6 47. Ra6+ Kg7 48. h5 Rc2 49. g4 Rb2 50. Kh4 Kh7 51. Ra7+ Kh8 52. h6 Rc2 53. Kh5 Rb2 54. g5 Kg8 55. g6 Rh2+ 56. Kg5 Rg2+ 57. Kf5 Rf2+ 58. Ke4 Re2+ 59. Kf3 Re8 60. Rxa2 Rb8 61. Re2 Ra8 62. Kf4 Rb8 63. Kf5 Rf8+ 64. Kg5 Ra8 65. h7+ 1-0

[Event "Stuttgart-chA int"]
[Site "Gerlingen"]
[Date "2011.06.04"]
[Round "7"]
[White "Schmidt, Markus1"]
[Black "Marquardt, Patrick"]
[Result "0-1"]
[WhiteElo "1816"]
[BlackElo "2031"]
[PlyCount "62"]
[EventDate "2011.06.02"]
[EventType "swiss"]
[EventRounds "7"]
[EventCountry "GER"]
[SourceTitle "EXT 2018"]
[Source "ChessBase"]
[SourceDate "2017.10.13"]
[SourceVersion "1"]
[SourceVersionDate "2017.10.13"]
[SourceQuality "1"]

1. d4 d5 2. Nf3 e6 3. c4 c5 4. e3 Nf6 5. Nc3 Nc6 6. Be2 Be7 7. 0-0 0-0 8. b3 b6 9. Bb2 Bb7 10. cxd5 exd5 11. dxc5 bxc5 12. Na4 Ne4 13. Rc1 Rc8 14. Nd2 Nb4 15. a3 Na6 16. f3 Ng5 17. Nb1 Ne6 18. Nbc3 d4 19. exd4 Bg5 20. Rb1 cxd4 21. Nb5 Be3+ 22. Kh1 Qh4 23. Qe1 Qe7 24. Bc4 Rfd8 25. Nxa7 Bxf3 26. Nxc8 Bxg2+ 27. Kxg2 Qb7+ 28. Rf3 Nf4+ 29. Kg3 Nh5+ 30. Kg4 Qe4+ 31. Kxh5 g6# 0-1

[Event "Stuttgart-chA int"]
[Site "Gerlingen"]
[Date "2011.06.03"]
[Round "3"]
[White "Giricz, Thomas"]
[Black "Marquardt, Patrick"]
[Result "1/2-1/2"]
[WhiteElo "1840"]
[BlackElo "2031"]
[PlyCount "46"]
[EventDate "2011.06.02"]
[EventType "swiss"]
[EventRounds "7"]
[EventCountry "GER"]
[SourceTitle "EXT 2018"]
[Source "ChessBase"]
[SourceDate "2017.10.13"]
[SourceVersion "1"]
[SourceVersionDate "2017.10.13"]
[SourceQuality "1"]

1. e4 c5 2. Nf3 a6 3. d4 cxd4 4. Nxd4 Nf6 5. Nc3 e5 6. Nb3 Bb4 7. Qd3 0-0 8. Bd2 d6 9. a3 Bxc3 10. Bxc3 Qc7 11. 0-0-0 Rd8 12. Bxe5 Nxe4 13. Qxe4 dxe5 14. Rxd8+ Qxd8 15. Qxe5 Nc6 16. Qe3 Bf5 17. Be2 Qc7 18. Bd3 Bxd3 19. Qxd3 Rc8 20. g3 h6 21. Rd1 Ne5 22. Qe4 Nc4 23. Rd4 b5 1/2-1/2

[Event "Stuttgart-chA int"]
[Site "Gerlingen"]
[Date "2011.06.03"]
[Round "5"]
[White "Mendzigall, Martin"]
[Black "Marquardt, Patrick"]
[Result "1/2-1/2"]
[WhiteElo "1928"]
[BlackElo "2031"]
[PlyCount "44"]
[EventDate "2011.06.02"]
[EventType "swiss"]
[EventRounds "7"]
[EventCountry "GER"]
[SourceTitle "EXT 2018"]
[Source "ChessBase"]
[SourceDate "2017.10.13"]
[SourceVersion "1"]
[SourceVersionDate "2017.10.13"]
[SourceQuality "1"]

1. e4 c5 2. Nf3 e6 3. d4 cxd4 4. Nxd4 a6 5. a3 Nf6 6. Nc3 Qc7 7. Bd3 Nc6 8. Nxc6 dxc6 9. Be3 h5 10. h3 b5 11. f4 e5 12. Qf3 Bd6 13. 0-0 Bb7 14. Rad1 0-0-0 15. fxe5 Bxe5 16. Bc5 Rhe8 17. Qe3 Bxc3 18. bxc3 Nd5 19. Qd4 Nf4 20. Qe3 Nd5 21. Qd4 Nf6 22. Qe3 Nd5 1/2-1/2

[Event "GER-ch Net qual3 U18"]
[Site "Playchess.com INT"]
[Date "2011.05.08"]
[Round "2"]
[White "Marquardt, Patrick"]
[Black "Carow, Annelen"]
[Result "0-1"]
[WhiteElo "2140"]
[BlackElo "1919"]
[PlyCount "174"]
[EventDate "2011.05.08"]
[EventType "swiss (blitz)"]
[EventRounds "7"]
[EventCountry "GER"]
[SourceTitle "CBM 142 Extra"]
[Source "ChessBase"]
[SourceDate "2011.06.27"]
[SourceVersion "1"]
[SourceVersionDate "2011.06.27"]
[SourceQuality "1"]

1. e4 d5 2. exd5 Qxd5 3. Nc3 Qd6 4. d4 Nf6 5. h3 a6 6. Nf3 Nc6 7. Be2 Bf5 8. 0-0 0-0-0 9. Be3 e6 10. Qd2 Be7 11. a4 Nb4 12. Ne5 Bg6 13. Nxg6 hxg6 14. Rfd1 Nfd5 15. Ne4 Qd7 16. c4 Nxe3 17. fxe3 g5 18. c5 Nd5 19. b4 f5 20. Nc3 Nxb4 21. Rab1 Bxc5 22. dxc5 Qxd2 23. Rxd2 Rxd2 24. Rxb4 Rc2 25. Rb3 c6 26. Bd3 Rd2 27. Bc4 Re8 28. Ne2 e5 29. Ng3 f4 30. Ne4 Rd1+ 31. Kf2 Kc7 32. Nd6 Rb8 33. exf4 gxf4 34. Nf7 e4 35. Ng5 Rd2+ 36. Kf1 e3 37. Ne6+ Kd7 38. Nxf4 Rf8 39. Be6+ Kc7 40. g3 g5 41. Rxe3 gxf4 42. gxf4 Rxf4+ 43. Ke1 Rb2 44. Bg4 Rxa4 45. Re7+ Kb8 46. Re8+ Ka7 47. Re7 Ra1+ 48. Bd1 Rbb1 49. Rd7 Ra3 50. h4 Rh3 51. Rf7 Rxh4 52. Ke2 Re4+ 53. Kf3 Rd4 54. Be2 Rb3+ 55. Kf2 Rd2 56. Ke1 Rbb2 57. Re7 Rxe2+ 58. Rxe2 Rxe2+ 59. Kxe2 a5 60. Kd3 Ka6 61. Kc4 a4 62. Kb4 b6 63. cxb6 Kxb6 64. Kxa4 Kc5 65. Kb3 Kd4 66. Kc2 Kc4 67. Kd2 Kb3 68. Kc1 Kc3 69. Kb1 c5 70. Kc1 c4 71. Kd1 Kb2 72. Ke2 c3 73. Ke3 c2 74. Kf4 c1Q+ 75. Ke5 Qc4 76. Kf6 Qd5 77. Ke7 Qc6 78. Kf7 Qd6 79. Ke8 Qc7 80. Kf8 Qd7 81. Kg8 Qe7 82. Kh8 Kc3 83. Kg8 Kd4 84. Kh8 Ke5 85. Kg8 Kf6 86. Kh8 Kg6 87. Kg8 Qg7# 0-1

[Event "GER-ch Net qual3 U18"]
[Site "Playchess.com INT"]
[Date "2011.05.08"]
[Round "3"]
[White "Schloemer, Armin"]
[Black "Marquardt, Patrick"]
[Result "0-1"]
[WhiteElo "1810"]
[BlackElo "2140"]
[PlyCount "44"]
[EventDate "2011.05.08"]
[EventType "swiss (blitz)"]
[EventRounds "7"]
[EventCountry "GER"]
[SourceTitle "CBM 142 Extra"]
[Source "ChessBase"]
[SourceDate "2011.06.27"]
[SourceVersion "1"]
[SourceVersionDate "2011.06.27"]
[SourceQuality "1"]

1. e4 c5 2. Nf3 a6 3. c3 d5 4. exd5 Qxd5 5. Na3 Nf6 6. Bc4 Qd6 7. d4 e6 8. Nc2 b5 9. Be2 Nbd7 10. Be3 c4 11. Qc1 Nd5 12. 0-0 Be7 13. Bg5 0-0 14. Bxe7 Qxe7 15. Ne3 Bb7 16. Nxd5 exd5 17. Re1 Qd6 18. Bd1 Rfe8 19. Bc2 h6 20. Qd2 Nf6 21. Ne5 Ne4 22. f3 Nxd2 0-1

[Event "Stuttgart-chA int"]
[Site "Ditzingen"]
[Date "2010.05.14"]
[Round "3"]
[White "Marquardt, Patrick"]
[Black "Pietzka, Martin"]
[Result "1-0"]
[WhiteElo "1979"]
[BlackElo "1860"]
[PlyCount "61"]
[EventDate "2010.05.13"]
[EventType "swiss"]
[EventRounds "7"]
[EventCountry "GER"]
[SourceTitle "EXT 2018"]
[Source "ChessBase"]
[SourceDate "2017.10.13"]
[SourceVersion "1"]
[SourceVersionDate "2017.10.13"]
[SourceQuality "1"]

1. e4 c6 2. d4 d5 3. e5 Bf5 4. Be3 e6 5. Nd2 Nd7 6. c3 a6 7. f4 h6 8. Ngf3 Be7 9. Be2 Rc8 10. 0-0 g5 11. Ne1 c5 12. g4 Be4 13. Nxe4 dxe4 14. d5 gxf4 15. Bxf4 Bg5 16. dxe6 fxe6 17. Qa4 c4 18. Rd1 Rc6 19. Qc2 Ne7 20. Bxg5 hxg5 21. Qxe4 Qc7 22. Nf3 Rc5 23. Rf2 Nxe5 24. Nxg5 Rc6 25. Qd4 N7g6 26. Ne4 Nh4 27. Nd6+ Ke7 28. Qxe5 Ng6 29. Qf6+ Kd7 30. Qxg6 Rxd6 31. Rf7+ 1-0

[Event "GER-ch Net final U14"]
[Site "Playchess.com INT"]
[Date "2009.06.21"]
[Round "3"]
[White "Marquardt, Patrick"]
[Black "Svane, Rasmus"]
[Result "0-1"]
[WhiteElo "1986"]
[BlackElo "2034"]
[PlyCount "98"]
[EventDate "2009.06.21"]
[EventType "swiss (blitz)"]
[EventRounds "7"]
[EventCountry "GER"]
[SourceTitle "CBM 130 Extra"]
[Source "ChessBase"]
[SourceDate "2009.07.02"]
[SourceVersion "2"]
[SourceVersionDate "2009.07.15"]
[SourceQuality "1"]

1. e4 c5 2. Nf3 e6 3. d4 cxd4 4. Nxd4 a6 5. Nc3 Qc7 6. Bd3 Nc6 7. Nb3 Nf6 8. 0-0 Be7 9. f4 d6 10. Qe2 b5 11. a3 0-0 12. Be3 Bb7 13. Nd4 Rad8 14. Nf3 e5 15. fxe5 dxe5 16. Rad1 Nd4 17. Qe1 Ng4 18. Bxd4 exd4 19. Ne2 Ne3 20. Nexd4 Nxd1 21. Qxd1 Bc5 22. c3 Rfe8 23. Kh1 Bxe4 24. Bxe4 Rxe4 25. Ng5 Rh4 26. h3 Bxd4 27. cxd4 Rf4 28. Re1 h6 29. Nf3 Rf6 30. Re2 Rfd6 31. Qe1 Qd7 32. Re7 Re6 33. Rxe6 fxe6 34. Qe5 Qd5 35. Qc7 Qd6 36. Qa5 Rb8 37. Qc3 b4 38. axb4 Rxb4 39. Qc8+ Kh7 40. Qc2+ Kg8 41. Qc8+ Kf7 42. Ne5+ Kf6 43. Ng4+ Kg5 44. Qc1+ Qf4 45. Qc8 Rxb2 46. Qd8+ Kh5 47. Qe8+ Kh4 48. Qe7+ Kg3 49. Qxe6 Qf1# 0-1

[Event "GER-ch Net qual4 U14"]
[Site "Playchess.com INT"]
[Date "2009.06.17"]
[Round "7"]
[White "Moehn, Hans"]
[Black "Marquardt, Patrick"]
[Result "0-1"]
[WhiteElo "1953"]
[BlackElo "1986"]
[PlyCount "52"]
[EventDate "2009.06.17"]
[EventType "swiss (blitz)"]
[EventRounds "7"]
[EventCountry "GER"]
[SourceTitle "CBM 130 Extra"]
[Source "ChessBase"]
[SourceDate "2009.07.02"]
[SourceVersion "2"]
[SourceVersionDate "2009.07.15"]
[SourceQuality "1"]

1. e4 c5 2. Nf3 e6 3. d4 cxd4 4. Nxd4 a6 5. Nc3 Qc7 6. Bd3 Nc6 7. Nxc6 dxc6 8. 0-0 Nf6 9. f4 Bc5+ 10. Kh1 e5 11. f5 h5 12. Qf3 h4 13. Bg5 Bd7 14. Nd1 0-0-0 15. Nf2 Nh5 16. Bxd8 Qxd8 17. Kg1 h3 18. g3 Qg5 19. Kh1 g6 20. Nxh3 Nxg3+ 21. Qxg3 Qxg3 22. hxg3 Rxh3+ 23. Kg2 Rh8 24. fxg6 fxg6 25. Rf6 Bh3+ 26. Kh2 Bf1# 0-1

[Event "GER-ch Net qual4 U14"]
[Site "Playchess.com INT"]
[Date "2009.06.17"]
[Round "3"]
[White "Svane, Rasmus"]
[Black "Marquardt, Patrick"]
[Result "1-0"]
[WhiteElo "2034"]
[BlackElo "1986"]
[PlyCount "127"]
[EventDate "2009.06.17"]
[EventType "swiss (blitz)"]
[EventRounds "7"]
[EventCountry "GER"]
[SourceTitle "CBM 130 Extra"]
[Source "ChessBase"]
[SourceDate "2009.07.02"]
[SourceVersion "2"]
[SourceVersionDate "2009.07.15"]
[SourceQuality "1"]

1. e4 c5 2. Nf3 e6 3. d4 cxd4 4. Nxd4 a6 5. Nc3 Qc7 6. g3 Bb4 7. Bd2 Nc6 8. Nxc6 bxc6 9. Qg4 Bf8 10. Bg2 Nf6 11. Qe2 Bb7 12. 0-0 Bc5 13. Kh1 0-0 14. Rae1 d5 15. Bg5 Nd7 16. f4 h6 17. Bh4 Rae8 18. g4 Ba7 19. Bg3 Qa5 20. e5 d4 21. Ne4 Qxa2 22. Ra1 Qd5 23. Nf6+ Nxf6 24. Bxd5 Nxd5 25. h3 c5 26. Kh2 Ne3 27. Rfc1 c4 28. Bf2 Nd5 29. Qxc4 Nxf4 30. Bxd4 Bxd4 31. Qxd4 Ne2 32. Qb6 Nxc1 33. Qxb7 Ne2 34. Qxa6 Nf4 35. Qf1 Ng6 36. Qe2 Rb8 37. b3 Rfd8 38. Rb1 Nf4 39. Qf2 Nd5 40. c4 Nc3 41. Rf1 Rd7 42. Qc2 Rbd8 43. Qxc3 Rd2+ 44. Kg1 Re2 45. Qf3 Rdd2 46. Qxf7+ Kh8 47. Rf2 Rd1+ 48. Kg2 Rxe5 49. Qg6 Rd8 50. Rf7 Rd2+ 51. Kg3 Rg5 52. Qxe6 Rd3+ 53. Kf2 Rxb3 54. Rf8+ Kh7 55. Qe4+ Rg6 56. Rd8 Rb2+ 57. Ke1 Rbb6 58. Re8 Rbc6 59. Kd2 Rcd6+ 60. Kc3 Rb6 61. h4 h5 62. gxh5 Kh6 63. hxg6 Rxg6 64. Rh8# 1-0

[Event "GER-ch U14"]
[Site "Willingen"]
[Date "2009.06.03"]
[Round "6"]
[White "Neumair, Jerome"]
[Black "Marquardt, Patrick"]
[Result "1-0"]
[WhiteElo "1988"]
[BlackElo "1986"]
[PlyCount "103"]
[EventDate "2009.05.30"]
[EventType "swiss"]
[EventRounds "9"]
[EventCountry "GER"]
[SourceTitle "EXT 2010"]
[Source "ChessBase"]
[SourceDate "2010.11.25"]
[SourceVersion "1"]
[SourceVersionDate "2010.11.25"]
[SourceQuality "1"]

1. d4 d5 2. c4 e6 3. Nc3 c5 4. cxd5 exd5 5. Nf3 Nc6 6. g3 Nf6 7. Bg2 Be7 8. 0-0 0-0 9. dxc5 Bxc5 10. Bg5 d4 11. Bxf6 Qxf6 12. Nd5 Qd8 13. Nd2 Re8 14. Nb3 Bb6 15. Re1 Bg4 16. Rc1 Rc8 17. Qd2 Be6 18. Nxb6 Qxb6 19. Bxc6 bxc6 20. Qxd4 Bxb3 21. Qxb6 axb6 22. axb3 c5 23. e3 Red8 24. Red1 h5 25. Kf1 g6 26. Ke2 Kg7 27. Rxd8 Rxd8 28. b4 cxb4 29. Rc6 Rb8 30. Kd3 Rd8+ 31. Kc2 Rb8 32. Kb3 Rd8 33. Rc2 Rd6 34. Kxb4 Kf6 35. Kb5 Ke5 36. b4 Ke4 37. Rc4+ Kf5 38. e4+ Kg5 39. h4+ Kh6 40. e5 Rd5+ 41. Kxb6 Rxe5 42. b5 Re2 43. Rf4 Kg7 44. Kb7 Rc2 45. b6 Rb2 46. Kc7 Rc2+ 47. Kb8 Rb2 48. b7 Rc2 49. Ka7 Ra2+ 50. Kb6 Rb2+ 51. Kc6 Rc2+ 52. Kb5 1-0

[Event "GER-ch U14"]
[Site "Willingen"]
[Date "2009.06.02"]
[Round "5"]
[White "Marquardt, Patrick"]
[Black "Mueller, Alexander"]
[Result "1/2-1/2"]
[WhiteElo "1986"]
[BlackElo "1961"]
[PlyCount "75"]
[EventDate "2009.05.30"]
[EventType "swiss"]
[EventRounds "9"]
[EventCountry "GER"]
[SourceTitle "EXT 2010"]
[Source "ChessBase"]
[SourceDate "2010.11.25"]
[SourceVersion "1"]
[SourceVersionDate "2010.11.25"]
[SourceQuality "1"]

1. e4 c5 2. Nf3 e6 3. c4 Nc6 4. Nc3 d6 5. d4 cxd4 6. Nxd4 Nf6 7. Be3 a6 8. Be2 Qc7 9. 0-0 Bd7 10. f3 Be7 11. Qd2 Ne5 12. b3 Rc8 13. Rac1 0-0 14. Rfd1 Rfd8 15. h3 Qb8 16. f4 Nc6 17. Nxc6 Bxc6 18. Bb6 Rd7 19. Bf3 Bd8 20. Bxd8 Rcxd8 21. Qe2 b5 22. Rd2 b4 23. Nd1 Qb7 24. Nb2 a5 25. Rcd1 a4 26. Kh2 h6 27. Kg1 Kh7 28. Qd3 Kg8 29. Qe2 Ne8 30. Kh2 Nc7 31. Nd3 Na6 32. Qe3 Qc7 33. Kh1 Qa5 34. Qf2 Kf8 35. Kh2 Qc7 36. Kh1 Qb7 37. Qe3 Qc7 38. Qf2 1/2-1/2

[Event "GER-ch U14"]
[Site "Willingen"]
[Date "2009.06.02"]
[Round "4"]
[White "Marquardt, Patrick"]
[Black "Paeltz, Sebastian"]
[Result "1-0"]
[WhiteElo "1986"]
[BlackElo "1830"]
[PlyCount "61"]
[EventDate "2009.05.30"]
[EventType "swiss"]
[EventRounds "9"]
[EventCountry "GER"]
[SourceTitle "EXT 2010"]
[Source "ChessBase"]
[SourceDate "2010.11.25"]
[SourceVersion "1"]
[SourceVersionDate "2010.11.25"]
[SourceQuality "1"]

1. e4 e5 2. Nf3 Nc6 3. Bc4 Bc5 4. c3 Nf6 5. d3 d5 6. exd5 Nxd5 7. Qb3 Nb6 8. Bxf7+ Kf8 9. Bc4 Bf5 10. 0-0 Bxd3 11. Bxd3 Qxd3 12. Ng5 Nd8 13. Rd1 Qc4 14. Qc2 Ke7 15. b3 Qg4 16. h3 Qh5 17. Ne4 Ne6 18. Nxc5 Nxc5 19. Ba3 Nbd7 20. Rxd7+ Kxd7 21. Bxc5 Rad8 22. Na3 Kc8 23. Re1 b6 24. Be3 Rhe8 25. Qe4 Kb8 26. Nc4 Re7 27. g4 Qxh3 28. Bg5 Rf8 29. Re3 Ref7 30. Rxh3 Rxf2 31. Rd3 1-0

[Event "GER-ch U14"]
[Site "Willingen"]
[Date "2009.06.01"]
[Round "3"]
[White "Stoevesand, Peter"]
[Black "Marquardt, Patrick"]
[Result "0-1"]
[WhiteElo "1687"]
[BlackElo "1986"]
[PlyCount "58"]
[EventDate "2009.05.30"]
[EventType "swiss"]
[EventRounds "9"]
[EventCountry "GER"]
[SourceTitle "EXT 2010"]
[Source "ChessBase"]
[SourceDate "2010.11.25"]
[SourceVersion "1"]
[SourceVersionDate "2010.11.25"]
[SourceQuality "1"]

1. e4 c5 2. Nf3 e6 3. c3 d5 4. exd5 exd5 5. d4 Nc6 6. Be2 Nf6 7. 0-0 Be7 8. Re1 0-0 9. Bg5 Be6 10. Nbd2 c4 11. b3 b5 12. Qc2 Qd7 13. Bd1 b4 14. Ne5 Nxe5 15. dxe5 bxc3 16. Qxc3 Ne8 17. Bxe7 Qxe7 18. bxc4 dxc4 19. Nxc4 Rc8 20. Bb3 Bxc4 21. Bxc4 Nc7 22. Qe3 Ne6 23. Bxe6 Qxe6 24. h3 Rfd8 25. Qxa7 Ra8 26. Red1 Qxe5 27. Rxd8+ Rxd8 28. Rc1 h5 29. Qc5 Rd1+ 0-1

[Event "GER-chT Lands U20"]
[Site "Dresden"]
[Date "2008.11.17"]
[Round "6.5"]
[White "Marquardt, Patrick"]
[Black "Wolf, Christoph"]
[Result "0-1"]
[WhiteElo "1830"]
[BlackElo "1790"]
[PlyCount "56"]
[EventDate "2008.11.14"]
[EventType "team-swiss"]
[EventRounds "7"]
[EventCountry "GER"]
[SourceTitle "EXT 2010"]
[Source "ChessBase"]
[SourceDate "2010.11.25"]
[SourceVersion "1"]
[SourceVersionDate "2010.11.25"]
[SourceQuality "1"]
[WhiteTeam "Wuerttemberg II"]
[BlackTeam "Mecklenburg Vorpommern"]
[WhiteTeamCountry "GER"]
[BlackTeamCountry "GER"]

1. e4 e5 2. Nf3 Nc6 3. Bc4 Nf6 4. d4 exd4 5. 0-0 d6 6. Nxd4 Be7 7. Nc3 0-0 8. Bb3 Na5 9. f3 a6 10. Be3 c5 11. Nde2 c4 12. Ba4 b5 13. Bxb5 axb5 14. Nxb5 Nc6 15. a4 Ba6 16. Nec3 Bxb5 17. Nxb5 d5 18. exd5 Nxd5 19. Qe2 Nxe3 20. Qxe3 Qd5 21. Kh1 Qc5 22. Qe2 Bf6 23. c3 Rfe8 24. Qc2 Na5 25. Rfe1 Nb3 26. Rad1 g6 27. Rxe8+ Rxe8 28. Nd6 Qxd6 0-1

[Event "Stuttgart-chA int"]
[Site "Ditzingen"]
[Date "2008.05.01"]
[Round "2"]
[White "Haecker, Alexander"]
[Black "Marquardt, Patrick"]
[Result "1/2-1/2"]
[WhiteElo "2234"]
[BlackElo "1859"]
[PlyCount "63"]
[EventDate "2008.05.01"]
[EventType "swiss"]
[EventRounds "7"]
[EventCountry "GER"]
[SourceTitle "EXT 2018"]
[Source "ChessBase"]
[SourceDate "2017.10.13"]
[SourceVersion "1"]
[SourceVersionDate "2017.10.13"]
[SourceQuality "1"]

1. e4 c5 2. Nf3 Nc6 3. d4 cxd4 4. Nxd4 g6 5. c4 Nf6 6. Nc3 d6 7. Nc2 Bg7 8. Be2 0-0 9. 0-0 Bd7 10. Be3 Rc8 11. f3 a6 12. Rc1 Ne5 13. Na3 Be6 14. Nd5 Nxd5 15. cxd5 Bd7 16. Qb3 b5 17. Rxc8 Qxc8 18. Rc1 Qb7 19. h3 f5 20. Rc6 Kh8 21. Rb6 Qa8 22. Nc2 f4 23. Bf2 Bc8 24. a4 Nd7 25. Rc6 Ne5 26. Rc7 Qb8 27. Rxe7 Bd7 28. axb5 Bf6 29. Rxd7 Nxd7 30. Nd4 axb5 31. Bxb5 Ne5 32. Qa3 1/2-1/2

[Event "GER-chT Lands U20"]
[Site "Verden an der Aller"]
[Date "2007.10.02"]
[Round "6.7"]
[White "Pfeiffer, Daniel"]
[Black "Marquardt, Patrick"]
[Result "0-1"]
[WhiteElo "1726"]
[BlackElo "1768"]
[PlyCount "98"]
[EventDate "2007.09.29"]
[EventType "team-swiss"]
[EventRounds "7"]
[EventCountry "GER"]
[SourceTitle "CBM 120 Extra"]
[Source "ChessBase"]
[SourceDate "2007.11.01"]
[SourceVersion "1"]
[SourceVersionDate "2007.11.01"]
[SourceQuality "1"]
[WhiteTeam "Hamburg"]
[BlackTeam "Wuerttemberg"]
[WhiteTeamCountry "GER"]
[BlackTeamCountry "GER"]

1. e4 c5 2. Nf3 a6 3. c3 d5 4. exd5 Qxd5 5. d4 Bg4 6. Be2 Nc6 7. Be3 cxd4 8. cxd4 Nf6 9. Nc3 Qd7 10. d5 Bxf3 11. Bxf3 Ne5 12. Rc1 Nc4 13. b3 Nxe3 14. fxe3 e6 15. dxe6 Qxe6 16. Qe2 Bb4 17. 0-0 0-0 18. Bxb7 Ra7 19. Bf3 Bc5 20. Nd1 Qb6 21. Kh1 Re7 22. e4 Rfe8 23. Nc3 Bd4 24. Na4 Qa7 25. Qc4 Nxe4 26. Bxe4 Rxe4 27. Nc5 Bxc5 28. Qxc5 Qxc5 29. Rxc5 f6 30. Ra5 R8e6 31. h3 Re2 32. Kg1 Rd2 33. Ra1 Ree2 34. Rxa6 Rxg2+ 35. Kf1 Rdf2+ 36. Ke1 Rf3 37. Rd1 Rxh3 38. Kf1 Rb2 39. Kg1 Rg3+ 40. Kf1 h5 41. Rd8+ Kh7 42. Raa8 Rc3 43. Rd1 h4 44. Kg1 h3 45. Ra5 g5 46. Ra7+ Kg6 47. Ra8 Rcc2 48. Rh8 Rg2+ 49. Kf1 h2 0-1

[Event "GER-chT Lands U20"]
[Site "Verden an der Aller"]
[Date "2007.10.01"]
[Round "4.7"]
[White "Duessler, Stefanie"]
[Black "Marquardt, Patrick"]
[Result "0-1"]
[WhiteElo "1493"]
[BlackElo "1768"]
[PlyCount "148"]
[EventDate "2007.09.29"]
[EventType "team-swiss"]
[EventRounds "7"]
[EventCountry "GER"]
[SourceTitle "CBM 120 Extra"]
[Source "ChessBase"]
[SourceDate "2007.11.01"]
[SourceVersion "1"]
[SourceVersionDate "2007.11.01"]
[SourceQuality "1"]
[WhiteTeam "Niedersachsen"]
[BlackTeam "Wuerttemberg"]
[WhiteTeamCountry "GER"]
[BlackTeamCountry "GER"]

1. e4 c5 2. Nf3 a6 3. Nc3 Nc6 4. d3 g6 5. Be3 d6 6. Be2 Bg7 7. 0-0 Nf6 8. h3 0-0 9. Qd2 b5 10. Bh6 Qc7 11. Bxg7 Kxg7 12. Nh4 Nd4 13. f4 Bb7 14. Nf3 Rac8 15. Rac1 b4 16. Nd1 Nxe2+ 17. Qxe2 d5 18. e5 Nh5 19. Qd2 Rcd8 20. d4 Ng3 21. Re1 Ne4 22. Qe3 c4 23. c3 a5 24. Nd2 bxc3 25. bxc3 Nxd2 26. Qxd2 Bc6 27. Rb1 Rb8 28. Ne3 e6 29. Qc2 Rfc8 30. Rec1 Qe7 31. Rxb8 Rxb8 32. Rb1 Ba4 33. Qc1 Rxb1 34. Qxb1 Qa3 35. Qa1 Bb3 36. Qb1 Qxa2 37. Qxa2 Bxa2 38. Nc2 h5 39. h4 f6 40. Kf2 fxe5 41. fxe5 g5 42. g3 gxh4 43. gxh4 Kg6 44. Kf3 Bb3 45. Na3 Kf5 46. Kg3 Ke4 47. Nb5 a4 48. Na3 Kd3 49. Kf4 Bd1 50. Kg5 Bg4 51. Nb5 Kc2 52. Kf6 Kb3 53. Nc7 a3 54. Nxe6 Bxe6 55. Kxe6 a2 56. Kxd5 a1Q 57. e6 Qa8+ 58. Kd6 Qe8 59. e7 Kxc3 60. d5 Kd4 61. Ke6 Qg6+ 62. Kd7 Kxd5 63. e8Q Qxe8+ 64. Kxe8 c3 65. Kf7 c2 66. Kg6 c1Q 67. Kxh5 Qf4 68. Kg6 Qxh4 69. Kf5 Qe4+ 70. Kf6 Qe5+ 71. Kg6 Ke6 72. Kh6 Qg3 73. Kh7 Kf7 74. Kh8 Qh2# 0-1